000 00553nam a2200193 4500
003 SEACOMEC
005 20240119154540.0
008 240119b |||||||| |||| 00| 0 eng d
020 _cRs.395.00
040 _aSEACOMEC
082 _a621.3192
_bD291
100 _aDecarlo,Raymond A.
245 1 _aLinear circuit analysis:time domain,phosphor,and Laplace transformer applications
_cRaymond A. Decarlo
250 _a2nd ed.
260 _aOxford
_bOxford Universities
_c2004
650 _aTechnology,Transmission
700 _aLin,Pen-Min
942 _cBOOK
999 _c511
_d511